000 00330nam a22001457a 4500
008 221014b ||||| |||| 00| 0 eng d
020 _a9780721603773
041 _aeng
080 _2second edition
_a610.73
082 _a610.73
100 _a9
101 _ainf
245 _aTEACHING IN NURSING
_cBILLINGS D
942 _2udc
_cBK
999 _c58553
_d58553